00518 2200181 4500245004400000020002200044250001100066100001700077700002000094650001700114005001900131260003800150041001400188084000800202300002500210500009200235336000900327 aSenyum untuk AnakkucAnni AwasakihText a978-602-98545-7-2 aCet. 1 aAnni Awasaki aEsvandiari Sant aNovel Remaja a20231003081038 aJakartabPenerbit Salsabilac2013 aIndonesia a813 a192 hlm. :c21.5 cm. aketika anak ketiga anni, rido, di vonis menderita tumor otak. Anni hanya bisa menangis. atext